Guess the Ariana Grande song by the lyrics - Statistics

General Stats
  • This quiz has been taken 82 times
  • The average score is 6 of 15
Answer Stats
lyrics song % Correct
'happiness is the same price as red bottoms' 7 rings
81%
'been waiting and waiting for you to make a move' Into You
79%
'they see Cain and I see Abel' in my head
59%
'every tear's a rain parade from hell' ghostin
52%
'need your hands all up on my body, like the moon needs the stars' supernatural
49%
'ain't you ever seen a princess be a bad bitch' Bad Decisions
48%
'threw away my reputation, but saved us more heartache' Hampstead
42%
'I can still hear your voice, I ain't got no choice' Thinking Bout You
38%
'know better than to bark up mytree, just for me to fall and leave' better off
36%
'password to your phone, you can miss me with that shit' just like magic
33%
'stars fall and the world goes blind, boy' Best Mistake
30%
'cause that's why it's there' my hair
29%
'bet I look nice on you' nasty
23%
'wish you'd chew on me like fresh grapes' borderline
16%
'a girl like me don't have no timeto waste around' You'll Never Know
12%
No matching quizzes found
Score Distribution
Percent of People with Each Score
Percentile by Number Answered
Your Score History
You have not taken this quiz